| 000 | 01388nam a2200301 i 4500 | ||
|---|---|---|---|
| 001 | 20013 | ||
| 003 | ES-MaACL | ||
| 005 | 20250403132636.0 | ||
| 007 | t| | ||
| 008 | 010625s1923 sp |||| | spa d | ||
| 080 | _a061.21(460.27) Ateneo | ||
| 110 | 2 |
_aAteneo de Madrid. _91875 |
|
| 245 | 1 | 0 | _aMemoria leída en el Ateneo de Madrid por el secretario primero Don Luis de Tapia, con motivo de la inauguración del curso académico de 1923-24. |
| 260 |
_aMadrid : _b[s.n.], _c1923 ( _fEst. Tip. Anónima Mefar) |
||
| 300 |
_a47 p. ; _c21 cm. |
||
| 505 | 8 | _aApéndices: I. Conferencias dadas en el Ateneo de Madrid durante el curso 1922-23 . II. Biblioteca . III. Altas y bajas de tos señores socios . IV. Resumen del año 1922. Resumen del año 1923 | |
| 610 | 2 | 4 |
_aAteneo de Madrid- _vMemorias de Secretaría. _91929 |
| 610 | 2 | 4 |
_aAteneo de Madrid- _vObras digitalizadas. _91930 |
| 610 | 2 | 4 |
_aAteneo de Madrid- _vConferencias- _y1900-1939 _91907 |
| 610 | 2 | 4 |
_aAteneo de Madrid. _bBiblioteca _91951 |
| 610 | 2 | 4 |
_aAteneo de Madrid- _vListas de socios. _91928 |
| 700 | 1 |
_aTapia, Luis de, _d1871-1937 _9109228 |
|
| 740 | 0 | 2 | _aConferencias dadas en el Ateneo de Madrid durante el curso 1922-23. |
| 852 | 4 |
_aES-MaACL _j1661-F-2 _920663 _cDEPOF |
|
| 856 | 4 |
_uhttp://www.ateneodemadrid.net/biblioteca_digital/folletos/Memoria-1923.pdf _yVer documento |
|
| 942 | _2udc | ||
| 999 |
_c20013 _d20013 |
||